000 00855nam a2200289 i 4500
001 C2-0336825
003 PPAK
005 20180728135718.0
008 160712s2016 my a|||| ||||| | may d
020 _a9789673518272
040 _aPPAK
_beng
_cPPAK
_erda
082 0 4 _a372.832
_223
090 0 0 _a372.832
_bNOR
_dR
100 0 _aNor Aslina Mamat,
_eauthor
245 1 0 _aPendidikan sivik dan kewarganegaraan
264 1 _aPuchong, Selangor :
_bPNI Neuron (M) Sdn. Bhd. ,
_c2016
300 _a152 pages :
_bcolour illustrations ;
_c26 cm
336 _2rdacontent
_atext
337 _2rdamedia
_aunmediated
338 _2rdacarrier
_avolume
490 1 _aPeta minda visual
500 _aIncludes questions and answers.
650 1 0 _aMoral education - Study and teaching.
700 _eauthor
830 0 _aPeta minda visual
942 _ddc
_cB
999 _c134558
_d134558